[Event "SVK-chT2A 10/11"]
[Site "Slovakia"]
[Date "2010.12.04"]
[Round "3.8"]
[White "Bedac, Jozef"]
[Black "Kohlmann, Robert"]
[Result "1/2-1/2"]
[WhiteElo "1706"]
[BlackElo "2193"]
[PlyCount "33"]
[EventDate "2010.10.23"]
[EventType "team-tourn"]
[EventRounds "11"]
[EventCountry "SVK"]
[SourceTitle "EXT 2019"]
[Source "ChessBase"]
[SourceDate "2018.10.10"]
[SourceVersion "1"]
[SourceVersionDate "2018.10.10"]
[SourceQuality "1"]
[WhiteTeam "Bratislava Slavia STU"]
[BlackTeam "Krasnany"]
[WhiteTeamCountry "SVK"]
[BlackTeamCountry "SVK"]

1. e4 c5 2. Nf3 Nc6 3. d4 cxd4 4. Nxd4 g6 5. Nc3 Bg7 6. Be3 Nf6 7. f3 d5 8. Bb5 Bd7 9. exd5 Nb4 10. d6 exd6 11. Bxd7+ Qxd7 12. Ndb5 0-0 13. a3 Qe6 14. Kf2 Nbd5 15. Re1 Nxc3 16. bxc3 Nd5 17. Bh6 1/2-1/2